=LDR 00000nam 2200000 4500 =001 INLIS000000000037546 =005 20130612143256 =008 ***********************************Ind** =035 ##$$0010-061300000037546 =041 ##$$a Ind =082 ##$$a 615.8 =090 ##$$a 615.8, Eff m =100 ##$$a Effendi, Irmansyah =245 ##$$a Menuai hasil dalam Reiki, Teknik mengoptimalkan energi reiki secara luar biasa, Irmansyah Effendi =260 ##$$a 2008 $b Jakarta =300 ##$$a xiv,224 hlm, Ilus, 21 cm =650 ##$$a Reiki =850 ##$$a NBPNMAT